| 000 | 00546nam a2200181Ia 4500 | ||
|---|---|---|---|
| 008 | 151018s9999 xx 000 0 und d | ||
| 082 |
_bRBASDV25475 _a891.463 |
||
| 100 | _aविश्वनाथ ओक | ||
| 245 | _aजादूचा कोट | ||
| 250 | _b1 | ||
| 260 |
_bगुरु प्रकाशन _c1991 |
||
| 300 | _a64 | ||
| 600 | _aविश्वनाथ ओक | ||
| 630 | _aजादूचा कोट | ||
| 700 | _aविश्वनाथ ओक | ||
| 730 | _aजादूचा कोट | ||
| 942 | _cBOOK | ||
| 999 |
_c1025088 _d1025085 |
||